Introduccion a la electroneumatica. Manual de estudio / H. Meixner (Registro nro. 24767)

Detalles MARC
000 -LÍDER
fixed length control field 00462nam a2200157 4500
020 ## - NÚMERO INTERNACIONAL NORMALIZADO PARA LIBROS
ISBN 3-8127-0877-9
050 ## - SIGNATURA TOPOGRAFICA DE LA BIBLIOTECA DEL CONGRESO (LC)
Número de Clasificación TJ950 M418 1990
082 ## - NUMERO DE CLASIFICACION DECIMAL DEWEY
Número de Clasificación 629,804.2 M567i
100 ## - ASIENTO PRINCIPAL--NOMBRE PERSONAL
Nombre personal Meixner, H.
245 ## - TÍTULO
Título Introduccion a la electroneumatica. Manual de estudio / H. Meixner
250 ## - MENCIÓN DE EDICIÓN
Mención de edición 4
260 ## - PUBLICACIÓN, DISTRIBUCIÓN, ETC. (PIE DE IMPRENTA)
Lugar de publicación, distribución, etc. Festo Didactic,
300 ## - DESCRIPCIÓN FÍSICA
Extensión 240p/35cm.
440 ## -
-- Sistema para enseñanza de la tecnica de automatizacion
650 ## - ASIENTO SECUNDARIO DE MATERIA - TERMINO TEMÁTICO
Término temático o nombre geográfico como elemento de entrada 1.INTRODUCCION A LA ELECTRONEUMATICA
Existencias
No. biblioteca No. biblioteca Número de clasificación Código de barras/Número de adquisición Número de copia Tipo de material
ÁREA DE ELECTROMECÁNICA ÁREA DE ELECTROMECÁNICA 629,804.2 M567i 29889 1 Libros
ÁREA DE ELECTROMECÁNICA ÁREA DE ELECTROMECÁNICA 629,804.2 M567i 15932 2 Libros
Calzada Tecnológico # 27, Zacatepec, Morelos.
01(734) 343-07-23 / 343-21-10 / 343-21-11
Apdo. Postal 45 C.P 62780